Olympics 2024 Medal Table - Statistics

General Stats
  • This quiz has been taken 38 times
  • The average score is 65 of 91
Answer Stats
G S B Total Countries % Correct
3 7 10 20 Brazil
100%
40 27 24 91 China
100%
16 26 22 64 France
100%
14 22 29 65 Great Britain
100%
20 12 13 45 Japan
100%
40 44 42 126 USA
100%
18 19 16 53 Australia
97%
12 13 8 33 Germany
97%
12 13 15 40 Italy
97%
0 3 2 5 Mexico
97%
4 4 3 11 Sweden
97%
1 1 1 3 Argentina
95%
9 7 11 27 Canada
95%
4 1 3 8 Norway
95%
1 2 5 8 Switzerland
95%
4 0 3 7 Ireland
92%
15 7 12 34 Netherlands
92%
10 7 3 20 New Zealand
92%
13 9 10 32 South Korea
92%
1 1 0 2 Chile
89%
2 2 5 9 Denmark
89%
1 4 5 10 Poland
89%
1 2 1 4 Portugal
89%
5 4 9 18 Spain
89%
0 1 5 6 India
86%
1 3 2 6 Jamaica
86%
3 1 3 10 Belgium
84%
3 1 3 7 Bulgaria
84%
1 1 6 8 Greece
84%
6 7 6 19 Hungary
84%
1 3 2 6 South Africa
84%
0 3 1 4 Colombia
81%
2 2 3 7 Croatia
81%
2 1 6 9 Cuba
81%
3 0 2 5 Czechia
81%
1 1 1 3 Egypt
81%
0 0 1 1 Peru
81%
0 3 5 8 Turkey
81%
3 5 4 12 Ukraine
81%
2 0 1 3 Algeria
78%
2 0 3 5 Austria
78%
3 6 3 12 Iran
78%
1 0 1 2 Morocco
78%
3 4 2 9 Romania
78%
3 1 1 5 Serbia
78%
0 0 1 1 Slovakia
78%
1 3 3 7 Kazakhstan
76%
4 2 5 11 Kenya
76%
2 1 0 3 Slovenia
76%
0 0 2 2 Albania
73%
2 0 1 3 Indonesia
73%
1 3 2 6 Thailand
73%
0 2 2 4 Lithuania
70%
0 1 0 1 Mongolia
70%
0 2 4 6 North Korea
70%
1 0 0 1 Pakistan
70%
0 3 1 4 Armenia
68%
1 2 2 5 Ecuador
68%
0 1 0 1 Panama
68%
1 1 0 2 Saint Lucia
68%
8 2 3 13 Uzbekistan
68%
1 3 0 4 Ethiopia
65%
0 1 0 1 Fiji
65%
3 3 1 7 Georgia
65%
2 0 2 4 Philippines
62%
0 0 1 1 Singapore
62%
2 0 5 7 Chinese Taipei
59%
1 0 1 2 Guatemala
59%
0 1 1 2 Kosovo
59%
0 0 2 2 Malaysia
59%
1 1 1 3 Tunisia
59%
2 2 3 7 Azerbaijan
57%
1 0 2 3 Dominican Republic
57%
1 0 0 1 Dominica
54%
0 0 3 3 Tajikistan
54%
1 1 0 2 Uganda
54%
0 0 1 1 Qatar
51%
2 1 1 4 Bahrain
49%
0 1 3 4 Moldova
49%
0 1 0 1 Cyprus
43%
0 1 0 1 Jordan
43%
0 2 4 6 Kyrgyzstan
43%
1 1 0 2 Botswana
35%
2 0 2 4 Hong Kong
35%
0 0 1 1 Zambia
32%
0 0 2 2 Grenada
30%
0 0 1 1 Ivory Coast
30%
0 0 1 1 Cape Verde
22%
0 0 1 1 Refugee Olympic Team
19%
0 0 2 2 Puerto Rico
16%
1 5 1 7 Isreal
8%
No matching quizzes found
Score Distribution
Percent of People with Each Score
Percentile by Number Answered
Your Score History
You have not taken this quiz